Sustainability appraisal of policies for farming and food: a report to the policy commission on the future of farming and food (Record no. 101986)

MARC details
000 -LEADER
fixed length control field 01051cam a2200253 4500
001 - CONTROL NUMBER
control field J117421
008 - FIXED-LENGTH DATA ELEMENTS--GENERAL INFORMATION
fixed length control field 020409n2001 000 0 eng u
035 ## - SYSTEM CONTROL NUMBER
System control number (Sirsi) u117421
041 ## - LANGUAGE CODE
Language code of text/sound track or separate title eng.
050 ## - LIBRARY OF CONGRESS CALL NUMBER
Classification number 338.1
110 ## - MAIN ENTRY--CORPORATE NAME
Corporate name or jurisdiction name as entry element Sustainable Development Commission
9 (RLIN) 4213
245 ## - TITLE STATEMENT
Title Sustainability appraisal of policies for farming and food: a report to the policy commission on the future of farming and food
260 ## - PUBLICATION, DISTRIBUTION, ETC.
Place of publication, distribution, etc. London
Name of publisher, distributor, etc. Sustainable Development Commission
Date of publication, distribution, etc. 2001
300 ## - PHYSICAL DESCRIPTION
Extent 93p.
Dimensions 30cm.
520 ## - SUMMARY, ETC.
Summary, etc. The purpose of this sustainability appraisal is to highlight the links between the different dimensions of sustainable development with regard to food and farming, and to show the extent to which the proposed policies meet the Sustainable Development Commission's for sustainable agriculture.
650 ## - SUBJECT ADDED ENTRY--TOPICAL TERM
Topical term or geographic name entry element SUSTAINABLE AGRICULTURE
650 ## - SUBJECT ADDED ENTRY--TOPICAL TERM
Topical term or geographic name entry element FOOD
650 ## - SUBJECT ADDED ENTRY--TOPICAL TERM
Topical term or geographic name entry element FARMING
650 ## - SUBJECT ADDED ENTRY--TOPICAL TERM
Topical term or geographic name entry element RURAL ECONOMY
650 ## - SUBJECT ADDED ENTRY--TOPICAL TERM
Topical term or geographic name entry element FARM MANAGEMENT
650 ## - SUBJECT ADDED ENTRY--TOPICAL TERM
Topical term or geographic name entry element SUSTAINABILITY APPRAISAL MECHANISM
690 ## - LOCAL SUBJECT ADDED ENTRY--TOPICAL TERM (OCLC, RLIN)
Topical term or geographic name as entry element Rural
9 (RLIN) 6268
942 ## - ADDED ENTRY ELEMENTS (KOHA)
Suppress in OPAC 0
Holdings
Withdrawn status Lost status Source of classification or shelving scheme Damaged status Not for loan Home library Current library Shelving location Date acquired Total Checkouts Full call number Barcode Date last seen Date last checked out Copy number Price effective from Koha item type
    Dewey Decimal Classification     London London Folio 09/04/2002 1 338.1 30065719 06/08/2019 29/04/2002 1 06/08/2019 Book